000 00301nam a2200133Ia 4500
008 190216s9999||||xx |||||||||||||| ||und||
100 _aJack Hine
245 0 _aPhysical Organic Chemistry
250 _a2nd Ed.
260 _bNull
_c1962
300 _a552
650 _aChemistry-Chemistry
942 _cBK
999 _c2297
_d2297